| 000 | 01544nam0a2200349 4500 | ||
|---|---|---|---|
| 001 | RU\NLR\BIBL_A\012704017 | ||
| 005 | 20220329171530.0 | ||
| 010 |
_a978-5-4448-1501-4 _91000 |
||
| 021 |
_aRU _bКН-П-21-071656 _9КН-П-21-5681 |
||
| 035 | _a(NLR Aleph) 012704017 | ||
| 035 | _a(RuMoRGB)010841782 | ||
| 090 |
_a12888039 _c12888039 |
||
| 100 | _a20220209d2021 u y0rusy50 ca | ||
| 101 | 0 | _arus | |
| 102 | _aRU | ||
| 105 | _aach|z|||001|a | ||
| 181 | 0 |
_ai _baxxe |
|
| 182 | 0 | _an | |
| 200 | 1 |
_aРеализм судьбы _eавтобиографическое повествование _fАлександр Путов _gпредисл. К. Чалаева _gподготовка текста и примечания Ильи Кукуя и Андрея Лебедева |
|
| 203 |
_aТекст _bвизуальный _cнепосредственный |
||
| 205 | _a2-е изд. | ||
| 210 |
_aМосква _cНовое литературное обозрение _d2021 |
||
| 215 |
_a683, LXVIII c. _cил., цв. ил., портр., факс. _d21 |
||
| 320 | _aИмен. указ.: с. 669-680 | ||
| 600 | 1 |
_aПутов _bА.С. _f1940 - 2008 _gАлександр Сергеевич _92145892 _3RU\NLR\AUTH\661597489 |
|
| 686 | 1 | _aЩ143(2Р=Рус)6-8Путов | |
| 686 | 1 | _aЩ153(2Р=Рус)6-8Путов | |
| 700 | 1 |
_aПутов _bА. С. _f1940-2008 _gАлександр Сергеевич |
|
| 942 | _cBOOK | ||
| 980 | _aNB | ||